[Event "V Open FIDE"]
[Site "Forli' ITA"]
[Date "1992.09.??"]
[Round "7"]
[White "Trevisani, Bruno"]
[Black "Wagman, Stuart"]
[WhiteElo "2315"]
[BlackElo "2215"]
[Result "1-0"]
[PlyCount "55"]
[EventDate "1992.09.12"]

1. c4 Nf6 2. Nc3 g6 3. e4 d6 4. g3 Bg7 5. Bg2 O-O 6. Nge2 e5 7. O-O Nbd7 8. d3
c6 9. h3 Ne8 10. Be3 Nc7 11. Qd2 Ne6 12. Kh2 Nd4 13. Rac1 a5 14. f4 Nc5 15. Bg1
Nxe2 16. Nxe2 f5 17. fxe5 fxe4 18. Rxf8+ Qxf8 19. Rf1 Qd8 20. dxe4 Be6 21. exd6
Nd7 22. b3 a4 23. Nf4 Bf7 24. Nd3 axb3 25. axb3 Ra3 26. Qb4 Ra2 27. Qxb7 Rd2
28. Rf3 1-0

[Event "V Open FIDE"]
[Site "Forli' ITA"]
[Date "1992.09.??"]
[Round "7"]
[White "Valenti, Giuseppe"]
[Black "Vezzani, Stefano"]
[WhiteElo "2265"]
[BlackElo "2061"]
[Result "1-0"]
[PlyCount "57"]
[EventDate "1992.09.12"]

1. e4 c6 2. d4 g6 3. Nc3 Bg7 4. Nf3 d6 5. h3 Nf6 6. a4 O-O 7. Bd3 a5 8. Bg5 h6
9. Be3 Na6 10. Qd2 Kh7 11. g4 Ng8 12. O-O-O Nb4 13. Be2 Bd7 14. h4 b5 15. h5 g5
16. Bxg5 bxa4 17. Be3 a3 18. bxa3 Qb6 19. axb4 axb4 20. Nb1 Ra1 21. Qd3 f5 22.
gxf5 d5 23. f6 Nxf6 24. exd5+ Kh8 25. Rhg1 Ng4 26. Nh4 Nxe3 27. Ng6+ Kg8 28.
Nxe7+ Kf7 29. Rxg7+ 1-0

[Event "V Open FIDE"]
[Site "Forli' ITA"]
[Date "1992.09.??"]
[Round "8"]
[White "Arduman, Can"]
[Black "Mantovani, Renzo"]
[WhiteElo "2405"]
[BlackElo "2340"]
[Result "1-0"]
[PlyCount "109"]
[EventDate "1992.09.12"]

1. d4 Nf6 2. c4 g6 3. Nc3 Bg7 4. e4 d6 5. Bd3 O-O 6. Nge2 c5 7. d5 e6 8. O-O
exd5 9. cxd5 Re8 10. f3 a6 11. Rb1 Nbd7 12. b4 cxb4 13. Rxb4 Nc5 14. Bc2 Bd7
15. Be3 Rc8 16. a4 Qa5 17. Qb1 h5 18. Bd4 h4 19. Qb2 Qd8 20. Rb6 Qe7 21. h3 Nh5
22. Bxg7 Nxg7 23. Qb4 Nh5 24. Qd4 Ng3 25. Nxg3 hxg3 26. f4 Nxe4 27. Bxe4 Rxc3
28. Qxc3 Qxe4 29. Rxb7 Bxa4 30. Rb4 Qc2 31. Qxc2 Bxc2 32. Rb2 Bd3 33. Rc1 Bc4
34. Rbc2 Bxd5 35. Rc8 Rxc8 36. Rxc8+ Kg7 37. Rd8 Bc4 38. Rxd6 Bb5 39. Rd5 Kf6
40. Rg5 Bc6 41. Rxg3 Kf5 42. Rc3 Bb5 43. g3 Ke4 44. Rc7 f6 45. Rf7 Kf5 46. Kf2
Ke6 47. Rg7 Be8 48. Rb7 a5 49. Rb6+ Ke7 50. Ra6 a4 51. g4 g5 52. Ra7+ Ke6 53.
Ra5 gxf4 54. Kf3 Kf7 55. Kxf4 1-0

[Event "V Open FIDE"]
[Site "Forli' ITA"]
[Date "1992.09.??"]
[Round "8"]
[White "Arlandi, Ennio"]
[Black "Conquest, Stuart C."]
[WhiteElo "2435"]
[BlackElo "2495"]
[Result "1-0"]
[PlyCount "117"]
[EventDate "1992.09.12"]

1. d4 Nf6 2. c4 e6 3. Nc3 Bb4 4. Qc2 O-O 5. a3 Bxc3+ 6. Qxc3 Qe8 7. g3 Nc6 8.
Nf3 d6 9. Bg2 e5 10. dxe5 dxe5 11. O-O Bf5 12. Be3 h6 13. Nh4 Be4 14. Bh3 Bh7
15. Rad1 Kh8 16. Nf3 Ne4 17. Qc1 f5 18. b4 Qh5 19. Bg2 Rae8 20. b5 Na5 21. Rd7
Rf7 22. Rfd1 Bg8 23. c5 Nc4 24. Nh4 Nxe3 25. Qxe3 Ng5 26. Rd8 f4 27. Qd2 Rxd8
28. Qxd8 Qxe2 29. gxf4 exf4 30. Qd3 Qxd3 31. Rxd3 Kh7 32. Bxb7 Re7 33. Kg2 Bc4
34. Rd4 Bxb5 35. Rxf4 c6 36. Bc8 h5 37. Bf5+ Kh6 38. Bc2 g6 39. Rf6 Re6 40.
Rxg6+ Rxg6 41. Nxg6 Ne6 42. a4 Ba6 43. Ne5 Kg5 44. f3 Bb7 45. Nd3 Ba6 46. Ne5
Bb7 47. Kg3 h4+ 48. Kf2 Nxc5 49. Ke3 Kf6 50. f4 Ke6 51. Nf3 Na6 52. Nxh4 Nb4
53. Bb3+ Kf6 54. Nf3 c5 55. Ne5 Bd5 56. Nd7+ Kf5 57. Nxc5 Bxb3 58. Nxb3 Nd5+
59. Kf3 1-0

[Event "V Open FIDE"]
[Site "Forli' ITA"]
[Date "1992.09.??"]
[Round "8"]
[White "Gallagher, Joseph G."]
[Black "Rashkovsky, Nukhim N."]
[WhiteElo "2510"]
[BlackElo "2530"]
[Result "1/2-1/2"]
[PlyCount "23"]
[EventDate "1992.09.12"]

1. e4 c5 2. Nf3 d6 3. d4 cxd4 4. Nxd4 Nf6 5. Nc3 a6 6. Be2 e5 7. Nb3 Be7 8. Be3
O-O 9. g4 Be6 10. g5 Nfd7 11. h4 Nb6 12. Nd5 1/2-1/2

[Event "V Open FIDE"]
[Site "Forli' ITA"]
[Date "1992.09.??"]
[Round "8"]
[White "Godena, Michele"]
[Black "Andrienko, Anatoly"]
[WhiteElo "2435"]
[BlackElo "2230"]
[Result "1-0"]
[PlyCount "101"]
[EventDate "1992.09.12"]

1. e4 e6 2. d4 d5 3. Nd2 Nf6 4. e5 Nfd7 5. Bd3 c5 6. c3 Nc6 7. Ne2 cxd4 8. cxd4
f6 9. exf6 Nxf6 10. O-O Bd6 11. Nf3 Qc7 12. g3 O-O 13. Bf4 Ng4 14. Bxd6 Qxd6
15. Nc3 Nh6 16. Re1 a6 17. Ne5 Nxe5 18. Rxe5 Nf7 19. Re3 g6 20. Qb3 Bd7 21.
Rae1 b5 22. Ne2 Nh6 23. f3 Rae8 24. Qc3 b4 25. Qd2 Qb6 26. Bb1 Nf7 27. Kg2 Nd6
28. b3 a5 29. h4 Qd8 30. h5 Qg5 31. hxg6 hxg6 32. Nf4 Rxf4 33. Re5 Nf5 34. Bxf5
gxf5 35. Qxf4 Qxf4 36. gxf4 Rc8 37. R5e2 Kf7 38. Kf2 Rc3 39. Re3 Rc2+ 40. R3e2
Rc3 41. Rb2 Bb5 42. Rh1 Kg7 43. Rd2 a4 44. bxa4 Bxa4 45. Rb1 b3 46. axb3 Bxb3
47. Rdb2 Bc4 48. Rb7+ Kg6 49. Rg1+ Kh6 50. Rh1+ Kg6 51. Rhh7 1-0

[Event "V Open FIDE"]
[Site "Forli' ITA"]
[Date "1992.09.??"]
[Round "8"]
[White "Golod, Vitali"]
[Black "Maljutin, Evgeni"]
[WhiteElo "2410"]
[BlackElo "2480"]
[Result "1/2-1/2"]
[PlyCount "32"]
[EventDate "1992.09.12"]

1. e4 c5 2. Nf3 e6 3. d4 cxd4 4. Nxd4 Nf6 5. Nc3 Nc6 6. Ndb5 Bb4 7. a3 Bxc3+ 8.
Nxc3 d5 9. exd5 exd5 10. Bd3 O-O 11. O-O d4 12. Ne4 Bf5 13. Bg5 Bxe4 14. Bxe4
Qd6 15. Bxf6 Qxf6 16. Qf3 Qxf3 1/2-1/2

[Event "V Open FIDE"]
[Site "Forli' ITA"]
[Date "1992.09.??"]
[Round "8"]
[White "Lagrotteria, Salvatore"]
[Black "Bartolini, Tommaso"]
[WhiteElo "2250"]
[BlackElo "1902"]
[Result "1-0"]
[PlyCount "84"]
[EventDate "1992.09.12"]

1. Nf3 g6 2. g3 Bg7 3. Bg2 d6 4. O-O e5 5. d3 Nc6 6. c3 Nf6 7. e4 O-O 8. Nbd2
Bg4 9. h3 Bd7 10. Nc4 Re8 11. Ne3 Ne7 12. Qc2 Nh5 13. Kh2 c6 14. b3 f5 15. b4
h6 16. Bb2 f4 17. Nc4 Be6 18. g4 Nf6 19. Ncd2 Qc7 20. d4 Nh7 21. c4 g5 22. dxe5
dxe5 23. c5 Ng6 24. Nc4 Bxc4 25. Qxc4+ Qf7 26. Qxf7+ Kxf7 27. Rfd1 Rad8 28. Bf1
Ke7 29. a4 Rxd1 30. Rxd1 Rd8 31. Ra1 Nh4 32. Nxh4 gxh4 33. Bc3 Ng5 34. b5 Nxe4
35. Ba5 Rd4 36. Bg2 Nxc5 37. bxc6 bxc6 38. Rb1 e4 39. Bc3 Ne6 40. Bxd4 Nxd4 41.
Bxe4 Be5 42. Rb7+ Kd6 1-0

[Event "V Open FIDE"]
[Site "Forli' ITA"]
[Date "1992.09.??"]
[Round "8"]
[White "Mauro, Alan"]
[Black "Caruso, Augusto"]
[WhiteElo "2230"]
[BlackElo "2235"]
[Result "1/2-1/2"]
[PlyCount "106"]
[EventDate "1992.09.12"]

1. e4 e5 2. Nf3 Nc6 3. Bb5 f5 4. Nc3 fxe4 5. Nxe4 Nf6 6. Nxf6+ Qxf6 7. O-O Nd4
8. Nxd4 exd4 9. Re1+ Be7 10. Qe2 c6 11. Bd3 d5 12. b3 O-O 13. Bb2 Bd6 14. g3
Bd7 15. f4 Rae8 16. Qf2 c5 17. Qf3 Bc6 18. a4 a6 19. Qg4 Kh8 20. h4 Qf7 21. h5
Bd7 22. Qh4 Be7 23. Qh2 Bf5 24. Bxf5 Qxf5 25. d3 Qg4 26. Bc1 Bd6 27. Bd2 h6 28.
Kf2 c4 29. Rxe8 Rxe8 30. Re1 Rxe1 31. Bxe1 Ba3 32. Qh4 Qe6 33. bxc4 Qe3+ 34.
Kf1 dxc4 35. dxc4 Bc1 36. Qd8+ Kh7 37. Bf2 Qf3 38. Qd5 Qd1+ 39. Kg2 Qxc2 40.
Qxd4 Bb2 41. Qd5 Bf6 42. g4 Qc1 43. Qe4+ Kh8 44. c5 Qd2 45. Qe3 Qd7 46. Kg3 Qd8
47. Kg2 Qd7 48. Qf3 Bd4 49. Kh3 Bxf2 50. Qxf2 Qxa4 51. g5 Qd1 52. Kh4 Qh1+ 53.
Kg4 Qd1+ 1/2-1/2

[Event "V Open FIDE"]
[Site "Forli' ITA"]
[Date "1992.09.??"]
[Round "8"]
[White "Palac, Mladen"]
[Black "Fedorov, Vladislav"]
[WhiteElo "2505"]
[BlackElo "2405"]
[Result "1-0"]
[PlyCount "161"]
[EventDate "1992.09.12"]

1. e4 e5 2. Nf3 Nc6 3. Bb5 Nf6 4. O-O Nxe4 5. d4 Nd6 6. Bxc6 dxc6 7. dxe5 Nf5
8. Qxd8+ Kxd8 9. Nc3 Ke8 10. b3 a5 11. Bb2 h6 12. Ne4 Be6 13. c4 Be7 14. h3 h5
15. Nfg5 Bxg5 16. Nxg5 Bc8 17. Rad1 c5 18. Rd3 Ke7 19. Rfd1 b6 20. f3 h4 21.
Ne4 Be6 22. Bc1 f6 23. Bb2 Rh6 24. a4 Rg6 25. Kf2 Nd4 26. Bxd4 cxd4 27. Rxd4
fxe5 28. R4d2 Bf5 29. Nc3 c6 30. Ke3 Rb8 31. Ne4 b5 32. axb5 cxb5 33. Nd6 Bd7
34. cxb5 Bxb5 35. Rd5 Bc6 36. Rxe5+ Re6 37. Nf5+ Kf7 38. Rxe6 Kxe6 39. Kf4 Kf7
40. Rd6 Bb5 41. Nxh4 Bf1 42. Rd5 Rb4+ 43. Kg5 Rxb3 44. Rxa5 Rb2 45. g4 Bxh3 46.
Ra7+ Kf8 47. Ng6+ Kg8 48. Ra8+ Kf7 49. Rf8+ Ke6 50. Nf4+ Ke7 51. Rf5 Bf1 52.
Kg6 Rf2 53. Kxg7 Kd6 54. Ng6 Be2 55. Ne5 Ke6 56. Nc6 Bd1 57. Nd4+ Kd6 58. g5
Rd2 59. Nb5+ Kc6 60. f4 Rd7+ 61. Kf6 Rd8 62. g6 Bc2 63. Re5 Rf8+ 64. Kg5 Bxg6
65. Re6+ Kxb5 66. Rxg6 Kc5 67. f5 Kd5 68. Re6 Rg8+ 69. Kf6 Rh8 70. Re1 Ra8 71.
Kg6 Ra2 72. f6 Rg2+ 73. Kf7 Kd6 74. Rd1+ Kc7 75. Ke7 Re2+ 76. Kf8 Rg2 77. f7
Rg4 78. Ke7 Re4+ 79. Kf6 Rf4+ 80. Ke6 Rf2 81. Rd5 1-0

[Event "V Open FIDE"]
[Site "Forli' ITA"]
[Date "1992.09.??"]
[Round "8"]
[White "Stavru, Alessandro"]
[Black "Drei, Andrea"]
[WhiteElo "2235"]
[BlackElo "2280"]
[Result "1-0"]
[PlyCount "75"]
[EventDate "1992.09.12"]

1. e4 c5 2. Nf3 e6 3. c4 Nc6 4. Nc3 Nf6 5. Be2 d5 6. cxd5 exd5 7. e5 Ng4 8. Bb5
d4 9. Ne4 Qd5 10. d3 Be7 11. O-O Ngxe5 12. Nxe5 Qxe5 13. f4 Qc7 14. f5 Bd7 15.
f6 gxf6 16. Nxf6+ Bxf6 17. Rxf6 O-O-O 18. Bf4 Qb6 19. Bxc6 Bxc6 20. Rxf7 Rhg8
21. g3 Rd7 22. Rxd7 Bxd7 23. Qh5 Qc6 24. Rc1 b6 25. b4 Bg4 26. Qxh7 Re8 27.
bxc5 b5 28. Qxa7 Re2 29. Qb8+ Kd7 30. Qd6+ Qxd6 31. cxd6 Rxa2 32. Rc7+ Ke8 33.
Re7+ Kd8 34. Bg5 Kc8 35. Rc7+ Kb8 36. Bf4 b4 37. d7 Bxd7 38. Rc2+ 1-0

[Event "V Open FIDE"]
[Site "Forli' ITA"]
[Date "1992.09.??"]
[Round "8"]
[White "Tocchioni, Doriano"]
[Black "Bezzi, Massimo"]
[WhiteElo "2240"]
[BlackElo "1900"]
[Result "1-0"]
[PlyCount "93"]
[EventDate "1992.09.12"]

1. d4 f5 2. c4 Nf6 3. Nc3 e6 4. g3 Be7 5. Bg2 O-O 6. Nh3 d6 7. Qb3 Nc6 8. d5
Na5 9. Qa4 c5 10. dxe6 Bxe6 11. Nd5 Nxd5 12. cxd5 Bd7 13. Qc2 Bf6 14. Nf4 Qe7
15. h4 Rae8 16. Bd2 b6 17. Bf3 Be5 18. O-O-O c4 19. Ne6 Rf7 20. Bg5 Bf6 21. Kb1
b5 22. Qxf5 b4 23. Be4 g6 24. Qg4 Bxg5 25. hxg5 Rxf2 26. Bf3 Nc6 27. Qxc4 Ne5
28. Qd4 Nxf3 29. Qxf2 Nxg5 30. Qxa7 Bxe6 31. Qxe7 Bf5+ 32. e4 Bxe4+ 33. Qxe4
Rxe4 34. Rhe1 Rg4 35. Re7 Rxg3 36. Rc1 Nf7 37. Rc4 b3 38. axb3 Rxb3 39. Rc8+
Kg7 40. Ka2 Rf3 41. b4 h5 42. b5 h4 43. b6 h3 44. b7 h2 45. Rc1 Rf2+ 46. Kb1
Rg2 47. Ree1 1-0

[Event "V Open FIDE"]
[Site "Forli' ITA"]
[Date "1992.09.??"]
[Round "8"]
[White "Vezzani, Stefano"]
[Black "Brancaleoni, Maurizio"]
[WhiteElo "2061"]
[BlackElo "2004"]
[Result "1/2-1/2"]
[PlyCount "49"]
[EventDate "1992.09.12"]

1. f4 e5 2. fxe5 d6 3. e6 Bxe6 4. Nf3 Nf6 5. e3 Be7 6. b3 a5 7. Bb2 a4 8. b4 a3
9. Nxa3 d5 10. c3 Nbd7 11. Nc2 Nb6 12. Ncd4 Bd7 13. Bd3 Na4 14. Qb1 c5 15. bxc5
Nxc5 16. O-O Qb6 17. Bc2 Na4 18. Bb3 O-O 19. Qc2 Qd6 20. Rfb1 Ne4 21. Bxa4 Bxa4
22. Qd3 f5 23. c4 Rac8 24. cxd5 Qxd5 25. Rc1 1/2-1/2

[Event "V Open FIDE"]
[Site "Forli' ITA"]
[Date "1992.09.??"]
[Round "8"]
[White "Vezzosi, Paolo"]
[Black "Pamuk, Murat"]
[WhiteElo "2325"]
[BlackElo "2220"]
[Result "1-0"]
[PlyCount "79"]
[EventDate "1992.09.12"]

1. d4 Nf6 2. c4 c5 3. d5 g6 4. Nc3 d6 5. e4 Bg7 6. h3 O-O 7. Nf3 e5 8. g3 Na6
9. Bg2 Nc7 10. O-O b5 11. cxb5 a6 12. bxa6 Bxa6 13. Re1 Nd7 14. a3 c4 15. Be3
Nb5 16. Nxb5 Bxb5 17. b4 Ra4 18. Qc2 Qa8 19. Qb2 Rc8 20. Rec1 h6 21. Nd2 f5 22.
Nb1 f4 23. Bd2 Nb6 24. Nc3 Qa6 25. Bf3 Bd7 26. Bd1 Bxh3 27. b5 Qa7 28. Nxa4
Nxa4 29. b6 Qf7 30. Bxa4 fxg3 31. fxg3 Qf3 32. Be1 Rf8 33. b7 Qf1+ 34. Kh2 Bg4
35. Qg2 Qd3 36. Rc3 Qd4 37. Rb1 Rb8 38. Bc2 Bf6 39. Qf2 Bg5 40. Qxd4 1-0

[Event "V Open FIDE"]
[Site "Forli' ITA"]
[Date "1992.09.??"]
[Round "8"]
[White "Wagman, Stuart"]
[Black "Aurel, Luc"]
[WhiteElo "2215"]
[BlackElo "2225"]
[Result "0-1"]
[PlyCount "80"]
[EventDate "1992.09.12"]

1. e4 d6 2. d4 g6 3. Nf3 Bg7 4. Nc3 a6 5. Be3 b5 6. a3 Nd7 7. Be2 Bb7 8. O-O c5
9. Ne1 cxd4 10. Bxd4 Ngf6 11. f3 O-O 12. Qd2 Qc7 13. Rd1 Ne5 14. b3 Rfe8 15.
Nd5 Nxd5 16. exd5 Nd7 17. Bxg7 Kxg7 18. Qd4+ Nf6 19. c4 bxc4 20. Bxc4 Rac8 21.
Nd3 Qb8 22. Rfe1 Qa8 23. Nf4 Kg8 24. h4 Rc7 25. h5 Bc8 26. Rxe7 Rexe7 27. Qxf6
Bb7 28. h6 Qf8 29. Qh4 Re5 30. Nh3 Qe7 31. Qg3 Rc5 32. f4 Re3 33. Qf2 f6 34.
Qb2 Rc7 35. Kf2 Bc8 36. Qd2 Bg4 37. Rg1 Re4 38. Bd3 Bxh3 39. Bxe4 Qxe4 40. gxh3
Rc2 0-1

[Event "V Open FIDE"]
[Site "Forli' ITA"]
[Date "1992.09.??"]
[Round "9"]
[White "Bartolini, Tommaso"]
[Black "Aurel, Luc"]
[WhiteElo "1902"]
[BlackElo "2225"]
[Result "0-1"]
[PlyCount "184"]
[EventDate "1992.09.12"]

1. d4 g6 2. c4 Bg7 3. Nc3 d6 4. e4 Nd7 5. Nf3 e5 6. Be2 a5 7. O-O Ne7 8. Bg5 h6
9. Be3 O-O 10. d5 f5 11. Ne1 f4 12. Bd2 Nf6 13. f3 h5 14. Nd3 g5 15. Nf2 Rf7
16. c5 Bf8 17. cxd6 cxd6 18. Rc1 Rg7 19. Nb5 Ng6 20. Qc2 Ne8 21. h3 Nh4 22. Be1
g4 23. fxg4 f3 24. Bxf3 Nxf3+ 25. gxf3 Rf7 26. Kg2 Qf6 27. Qe2 Bh6 28. Rc3 Bd7
29. Nc7 Nxc7 30. Rxc7 b6 31. Nd3 Raf8 32. Bg3 Qd8 33. Qc2 Ba4 34. Qxa4 Qxc7 35.
Rf2 hxg4 36. fxg4 Rxf2+ 37. Nxf2 Be3 38. Qb3 Qc1 39. Qc3 b5 40. Qxc1 Bxc1 41.
Nd3 Bd2 42. Be1 Bxe1 43. Nxe1 Rf4 44. Nc2 Rxe4 45. Kf3 Rc4 46. Ne3 Rd4 47. Nf5
Rd3+ 48. Ke4 Rd2 49. Nxd6 Rxb2 50. Kxe5 b4 51. Nb7 a4 52. d6 Re2+ 53. Kd4 b3
54. axb3 a3 55. d7 Rd2+ 56. Kc3 Rxd7 57. Nc5 Rd2 58. Kxd2 a2 59. Kd3 a1=Q 60.
b4 Qf1+ 61. Kd4 Qxh3 62. b5 Qxg4+ 63. Kd5 Qc8 64. b6 Kf7 65. b7 Qc7 66. Kd4 Ke7
67. Kd5 Qb6 68. Kc4 Kd6 69. Ne4+ Kc6 70. Nc3 Qc5+ 71. Kd3 Kxb7 72. Ne4 Qd5+ 73.
Ke3 Kc6 74. Kf4 Qd4 75. Kf5 Kd7 76. Nf6+ Ke7 77. Ne4 Qd5+ 78. Kf4 Ke6 79. Ng5+
Kf6 80. Ne4+ Kg6 81. Ke3 Kf5 82. Nc3 Qc4 83. Ne2 Ke5 84. Kf3 Qe4+ 85. Kf2 Qd3
86. Ng3 Kf4 87. Ne2+ Kg4 88. Ng1 Qg3+ 89. Kf1 Qh2 90. Ne2 Kf3 91. Nd4+ Ke4 92.
Ne2 Ke3 0-1

[Event "V Open FIDE"]
[Site "Forli' ITA"]
[Date "1992.09.??"]
[Round "9"]
[White "Bezzi, Massimo"]
[Black "Wagman, Stuart"]
[WhiteElo "1900"]
[BlackElo "2215"]
[Result "1/2-1/2"]
[PlyCount "40"]
[EventDate "1992.09.12"]

1. e4 e5 2. Nf3 Nc6 3. Bb5 Nf6 4. O-O Nxe4 5. d4 Nd6 6. Bxc6 dxc6 7. dxe5 Nf5
8. Qe2 Nd4 9. Nxd4 Qxd4 10. Nc3 Bg4 11. Qe3 Qxe3 12. Bxe3 Bb4 13. Na4 O-O-O 14.
c3 Be7 15. Nc5 Rd5 16. b4 Rxe5 17. Bd4 Re2 18. Rfe1 Bxc5 19. Bxc5 Rhe8 20. Kf1
Rxe1+ 1/2-1/2

[Event "V Open FIDE"]
[Site "Forli' ITA"]
[Date "1992.09.??"]
[Round "9"]
[White "Brancaleoni, Maurizio"]
[Black "Delanoy, Arnaud"]
[WhiteElo "2004"]
[BlackElo "2215"]
[Result "0-1"]
[PlyCount "44"]
[EventDate "1992.09.12"]

1. d4 d5 2. c4 e6 3. Nc3 Bb4 4. e3 Nf6 5. Nf3 O-O 6. Bd3 c5 7. O-O Nc6 8. a3
Bxc3 9. bxc3 dxc4 10. Bxc4 Qc7 11. Bb5 Bd7 12. a4 a6 13. Bd3 e5 14. Nxe5 Nxe5
15. dxe5 Qxe5 16. Qc2 c4 17. Bxc4 Rac8 18. Bb3 Rxc3 19. Bb2 Ng4 20. Rfd1 Qxh2+
21. Kf1 Rxc2 22. Bxc2 Bc6 0-1

[Event "V Open FIDE"]
[Site "Forli' ITA"]
[Date "1992.09.??"]
[Round "9"]
[White "Drei, Andrea"]
[Black "Vezzani, Stefano"]
[WhiteElo "2280"]
[BlackElo "2061"]
[Result "0-1"]
[PlyCount "74"]
[EventDate "1992.09.12"]

1. e4 g6 2. d4 Bg7 3. Nc3 c6 4. Nf3 d6 5. a4 Na6 6. Be3 Nh6 7. Qd2 Ng4 8. Bf4
e5 9. Bg5 f6 10. Bh4 Qe7 11. h3 Nh6 12. Be2 O-O 13. O-O Nc7 14. Rad1 Nf7 15.
Bc4 Kh8 16. Rfe1 h5 17. Bg3 Bh6 18. Qe2 Bd7 19. Rd3 Rae8 20. dxe5 dxe5 21. Red1
Bc8 22. Bh2 Ne6 23. Nh4 Kh7 24. g4 hxg4 25. hxg4 Rh8 26. Ng2 Kg7 27. Kf1 Nd4
28. Rxd4 exd4 29. Rxd4 Ne5 30. f3 Rd8 31. Rxd8 Rxd8 32. Bf4 Bxf4 33. Nxf4 Qd6
34. Ng2 Rh8 35. Bd3 Rh1+ 36. Kf2 Rh3 37. Ne1 Nxg4+ 0-1

[Event "V Open FIDE"]
[Site "Forli' ITA"]
[Date "1992.09.??"]
[Round "9"]
[White "Fedorov, Vladislav"]
[Black "Lagumina, Giulio"]
[WhiteElo "2405"]
[BlackElo "2250"]
[Result "1/2-1/2"]
[PlyCount "66"]
[EventDate "1992.09.12"]

1. e4 e5 2. Nf3 d6 3. Bc4 Be7 4. d4 exd4 5. Nxd4 Nf6 6. Nc3 O-O 7. O-O c5 8.
Nde2 Nc6 9. Nf4 a6 10. Re1 b5 11. Bf1 Bb7 12. Ncd5 Re8 13. c3 Ne5 14. a4 c4 15.
Be3 Nfd7 16. Nxe7+ Qxe7 17. Nd5 Bxd5 18. Qxd5 Nf6 19. Qd1 Qb7 20. axb5 Qxb5 21.
Qxd6 Nxe4 22. Qd4 Nd3 23. Bxd3 cxd3 24. c4 Qb3 25. f3 Nf6 26. Qc3 Qxc3 27. bxc3
Rac8 28. Bd4 Rxe1+ 29. Rxe1 Rxc4 30. Rd1 Nd5 31. Rxd3 f6 32. Kf2 a5 33. Ke1 a4
1/2-1/2

[Event "V Open FIDE"]
[Site "Forli' ITA"]
[Date "1992.09.??"]
[Round "9"]
[White "Kievelitz, Bernd"]
[Black "Pieri, Filippo"]
[WhiteElo "2265"]
[BlackElo "2235"]
[Result "1/2-1/2"]
[PlyCount "98"]
[EventDate "1992.09.12"]

1. Nf3 c5 2. c4 Nf6 3. Nc3 Nc6 4. d4 cxd4 5. Nxd4 g6 6. e4 d6 7. Be2 Nxd4 8.
Qxd4 Bg7 9. Be3 O-O 10. Qd2 Ng4 11. Bxg4 Bxg4 12. O-O Rc8 13. Rac1 Rxc4 14. b3
Rc6 15. Nd5 a6 16. Qb4 Bc8 17. Bb6 Qd7 18. Rfd1 Bb2 19. Rc4 Rxc4 20. bxc4 Bg7
21. c5 Qe6 22. cxd6 exd6 23. Bc7 Kh8 24. Bxd6 Rd8 25. Be7 Rg8 26. Rc1 f5 27.
Bg5 fxe4 28. Ne7 Re8 29. Nxc8 Rxc8 30. Qxb7 Rxc1+ 31. Bxc1 h6 32. Bb2 Bxb2 33.
Qxb2+ Kh7 34. h3 h5 35. Qd2 Qc4 36. h4 Qb5 37. g3 Qb1+ 38. Kg2 Qb7 39. Kg1 Qb1+
40. Kg2 Qb7 41. Qe3 a5 42. a4 Qb4 43. Qa7+ Kg8 44. Qd7 Kf8 45. Kf1 Qc4+ 46. Ke1
Qc3+ 47. Qd2 Qa1+ 48. Qd1 Qc3+ 49. Qd2 Qa1+ 1/2-1/2

[Event "V Open FIDE"]
[Site "Forli' ITA"]
[Date "1992.09.??"]
[Round "9"]
[White "Maljutin, Evgeni"]
[Black "Gallagher, Joseph G."]
[WhiteElo "2480"]
[BlackElo "2510"]
[Result "1-0"]
[PlyCount "89"]
[EventDate "1992.09.12"]

1. e4 c5 2. Nf3 d6 3. d4 cxd4 4. Nxd4 Nf6 5. f3 e5 6. Nb3 Be6 7. c4 Nbd7 8. Be3
Rc8 9. N3d2 Nb6 10. b3 Nh5 11. g3 Be7 12. Bg2 g6 13. Nc3 Bg5 14. Qe2 O-O 15.
O-O Ng7 16. Bxg5 Qxg5 17. Nb5 a6 18. Nxd6 Rc6 19. Nxb7 Qe7 20. c5 Qxb7 21. cxb6
Qxb6+ 22. Kh1 Qb4 23. Rac1 Rfc8 24. Rxc6 Rxc6 25. Nb1 h5 26. f4 Bg4 27. Qf2
exf4 28. gxf4 Qc5 29. h3 Bc8 30. Kh2 Ne6 31. Qxc5 Rxc5 32. Rf2 Bb7 33. h4 Rc1
34. Na3 Nc5 35. Rc2 Rxc2 36. Nxc2 Bxe4 37. b4 Bxc2 38. bxc5 Kf8 39. Bb7 Ke7 40.
Bxa6 Ba4 41. Kg3 Kd7 42. Bb7 Ke6 43. Kf3 f6 44. Be4 Be8 45. Ke3 1-0

[Event "V Open FIDE"]
[Site "Forli' ITA"]
[Date "1992.09.??"]
[Round "9"]
[White "Pamuk, Murat"]
[Black "Lagrotteria, Salvatore"]
[WhiteElo "2220"]
[BlackElo "2250"]
[Result "0-1"]
[PlyCount "92"]
[EventDate "1992.09.12"]

1. e4 c5 2. Nf3 d6 3. d4 cxd4 4. Nxd4 Nf6 5. Nc3 g6 6. Be2 Bg7 7. O-O O-O 8.
Be3 Nc6 9. Qd2 Bd7 10. f4 a6 11. Rad1 Rc8 12. h3 b5 13. a3 Qc7 14. Nb3 Na5 15.
Nxa5 Qxa5 16. e5 Nh5 17. Bxh5 gxh5 18. Nd5 Qxd2 19. Nxe7+ Kh8 20. Rxd2 Rc4 21.
Rxd6 Be6 22. c3 Re4 23. Bd4 Re8 24. Nc6 Kg8 25. Na5 Bc8 26. g3 Bxh3 27. Rf2 Ra8
28. Rd2 Bf8 29. Rc6 h4 30. Kh2 Bg4 31. gxh4 h5 32. Kg3 Kh7 33. Rf2 Bh6 34. Rc7
Be6 35. f5 Rg8+ 36. Kh3 Bd5 37. e6 Rgg4 38. Rxf7+ Kg8 39. Rd7 Rxh4+ 40. Kg2
Rxd4+ 41. Kf1 Rd1+ 42. Ke2 Rd2+ 43. Ke1 Re4+ 44. Kf1 Rd1+ 45. Kg2 Rg4+ 46. Kh3
Rh1+ 0-1

[Event "V Open FIDE"]
[Site "Forli' ITA"]
[Date "1992.09.??"]
[Round "9"]
[White "Scotto, Marco"]
[Black "Manca, Federico"]
[WhiteElo "2290"]
[BlackElo "2390"]
[Result "0-1"]
[PlyCount "64"]
[EventDate "1992.09.12"]

1. e4 d6 2. d4 Nf6 3. Nc3 g6 4. f4 Bg7 5. e5 Nfd7 6. Nf3 c5 7. exd6 O-O 8. Be2
exd6 9. d5 f5 10. Be3 Na6 11. Qd2 Nc7 12. O-O Nf6 13. Bf2 b6 14. Bh4 Bb7 15.
Bc4 Qd7 16. a4 h6 17. Rfe1 Rae8 18. Qd3 a6 19. Rxe8 Rxe8 20. Rd1 Ne4 21. Be1
Nxc3 22. Bxc3 b5 23. axb5 axb5 24. Ba2 c4 25. Qd2 Nxd5 26. Bxg7 Qxg7 27. Nd4
Qd7 28. b3 c3 29. Qd3 b4 30. Qc4 Re4 31. Qb5 Qe7 32. Nf3 Nxf4 0-1

[Event "V Open FIDE"]
[Site "Forli' ITA"]
[Date "1992.09.??"]
[Round "9"]
[White "Thorhallsson, Throstur"]
[Black "Belotti, Bruno"]
[WhiteElo "2445"]
[BlackElo "2405"]
[Result "1/2-1/2"]
[PlyCount "127"]
[EventDate "1992.09.12"]

1. e4 c5 2. Nf3 d6 3. d4 cxd4 4. Nxd4 Nf6 5. Nc3 a6 6. Be3 e6 7. g4 h6 8. Qf3
Nbd7 9. Qh3 Ne5 10. f3 Ng6 11. O-O-O b5 12. Qg2 b4 13. Nc6 Qc7 14. Nxb4 d5 15.
Nd3 dxe4 16. fxe4 Bb7 17. Be2 Rc8 18. Kb1 Bd6 19. Bf3 Nh4 20. Qf2 Nxf3 21. Qxf3
Qc4 22. Nf2 Be5 23. Rd3 O-O 24. Qd1 Nxe4 25. Nfxe4 Bxe4 26. Nxe4 Qxe4 27. Re1
Qb4 28. Bd4 Bxd4 29. Rxd4 Qc5 30. Qd3 Rc7 31. Rd1 f5 32. b4 Qb6 33. Qb3 Kh7 34.
a3 Rf6 35. h4 fxg4 36. Rxg4 Rcf7 37. Qd3+ Kh8 38. Qd8+ Qxd8 39. Rxd8+ Kh7 40.
Rd6 e5 41. Rd3 Rf4 42. Rdg3 h5 43. Rg5 Rxh4 44. Rxe5 Rf6 45. Kb2 Kh6 46. Kb3
Rhf4 47. Rgg5 g6 48. a4 h4 49. b5 h3 50. Rg1 axb5 51. axb5 Rh4 52. c4 g5 53.
Rexg5 h2 54. Kb4 Rff4 55. Rg6+ Kh7 56. Rg7+ Kh8 57. Rg8+ Kh7 58. R1g7+ Kh6 59.
Rg6+ Kh7 60. R8g7+ Kh8 61. Rg8+ Kh7 62. R6g7+ Kh6 63. Rg6+ Kh7 64. R6g7+
1/2-1/2

[Event "V Open FIDE"]
[Site "Forli' ITA"]
[Date "1992.09.??"]
[Round "9"]
[White "Trevisani, Bruno"]
[Black "Caposciutti, Maurizio"]
[WhiteElo "2315"]
[BlackElo "2305"]
[Result "0-1"]
[PlyCount "76"]
[EventDate "1992.09.12"]

1. c4 Nf6 2. Nc3 c5 3. Nf3 Nc6 4. d4 cxd4 5. Nxd4 Qb6 6. Nb3 e6 7. g3 Ng4 8. e3
h5 9. h3 Nf6 10. Bg2 Bb4 11. O-O Bxc3 12. c5 Qc7 13. bxc3 b6 14. Nd4 bxc5 15.
Nb5 Qb8 16. c4 a6 17. Nc3 Qc7 18. Nd5 exd5 19. cxd5 Nd8 20. d6 Qa7 21. Bxa8
Qxa8 22. Bb2 Qe4 23. Kh2 Ng4+ 24. Kg1 Ne6 25. f3 Qxe3+ 26. Kg2 h4 27. Bxg7 Nxg7
28. hxg4 Ne6 29. Qe1 Qd4 30. Rd1 Qf6 31. gxh4 Rxh4 32. Rb1 Qh8 33. Rh1 Rxh1 34.
Qxh1 Qe5 35. Rb8 Nf4+ 36. Kh2 Kd8 37. Qd1 Nd5+ 38. Kh1 Qxd6 0-1

[Event "V Open FIDE"]
[Site "Forli' ITA"]
[Date "1992.09.??"]
[Round "9"]
[White "Valenti, Giuseppe"]
[Black "Cvitan, Ognjen"]
[WhiteElo "2265"]
[BlackElo "2550"]
[Result "0-1"]
[PlyCount "62"]
[EventDate "1992.09.12"]

1. e4 c5 2. Nf3 e6 3. d4 cxd4 4. Nxd4 Nf6 5. Nc3 d6 6. g4 Nc6 7. g5 Nd7 8. Be3
Be7 9. h4 O-O 10. Qd2 a6 11. O-O-O Nxd4 12. Bxd4 b5 13. a3 Bb7 14. Rg1 Ne5 15.
Be2 Rc8 16. f4 Nc6 17. Bf2 b4 18. axb4 Nxb4 19. Qd4 Qa5 20. Kb1 Rc5 21. Rg3
Rfc8 22. Be1 e5 23. Qe3 d5 24. fxe5 dxe4 25. Bg4 R8c7 26. e6 Bd5 27. exf7+ Kf8
28. Qf4 Ba2+ 29. Kc1 Bb3 30. cxb3 Qa1+ 31. Kd2 Qxb2+ 0-1